000 01908nam a22002537a 4500
999 _c22115
_d22115
003 AR-CdUCM
008 190429b ||||| |||| 00| 0 spa d
040 _aMUNICIPALIDAD PROVINCIAL DEL CUSCO
_cBIBLIOTECA MUNICIPAL DEL CUSCO
082 _aCuzco/N°3/1941
245 _aRevista Cuzco :
_bpublicación mensual /
_cÁngel G. Appiani S. director y fundador
260 _aCuzco :
_bH.G. Rozas,
_c1941.
300 _a40 páginas. :
_bilustraciones ;
_c34 cm.
440 _aCuzco revista mensual.
_nAño I, N°3, agosto, setiembre, octubre 1941.
_947470
505 _aContenido: Homenaje a los caidos en defensa de la patria. -- Concurso Cuzco y Patria. -- CXX Aniversario patrio. Román Saavedra. -- Henri Barbusse. -- Tres escritores peruanos. José Carmen Mendoza. -- El folklore nacional. -- Infantes de conducta incorrecta. -- Viñetas kechuas. -- Cusqueños en la contienda con el Ecuador. -- Algunos poetas cuzqueños. Antenor Samaniego. -- Niños del Kollao. José Portugal Catacora. -- La epidemia paludica de la Convención y Lares, podrá desaparecer definitivamente de aquellas regiones. -- Interpretación de algunos elementos estéticos. Abraham Vizcarra Rozas. -- Provincias del Cuzco. Quispicanchi. -- Willca Llaccta. -- El valor de la meteorología en la agricultura. Luis Olazo. -- Panamericanismo. Peter Brouse. -- Recordando a Edmundo Guevara Velazco. -- Garcilaso y su conmemoración. -- Las fiestas de la primavera en el Cuzco. -- Las reinas del Perú de los Incas según Guamán Poma de Ayala. -- María Angola la campana símbolo. Juvenal Jara. -- Periodismo local.
650 _aHistoria del Cusco
_91714
650 _aLiteratura cusqueña
_947467
650 _aPoesía cusqueña
_92323
650 _aSiglo XX
_947468
700 _aMendoza, José Carmen
_947471
700 _aSaavedra, Román
_947472
700 _aGuevara Velazco, Edmundo
_947473
942 _2ddc
_cPP
945 _arac